[Event "9. Torneo Villa de Mondragón"]
[Site "Mondragón ESP"]
[Date "2009.10.30"]
[Round "4.7"]
[White "Segura Del Frago, Imanol"]
[Black "Alcaide Luque, Aitor"]
[Result "0-1"]
[WhiteElo "2003"]
[BlackElo "2104"]
[PlyCount "92"]
[EventDate "2009.10.09"]
[EventType "swiss"]
[EventRounds "6"]
[EventCountry "ESP"]
[Source "lmi"]
[SourceDate "2009.10.09"]

1. d4 e6 2. c4 Nf6 3. Nc3 Bb4 4. Qc2 b6 5. Bg5 Bb7 6. f3 c5 7. dxc5 Bxc5 8. e4
Nc6 9. a3 Rc8 10. Bd3 h6 11. Bh4 a6 12. Nge2 O-O 13. b4 Be7 14. f4 d5 15. exd5
exd5 16. O-O-O d4 17. Bf5 Qc7 18. Bxf6 Bxf6 19. Nd5 Qd6 20. Nxb6 Rcd8 21. c5
Qc7 22. Nc4 a5 23. b5 Ne7 24. c6 Nxf5 25. Qxf5 Bxc6 26. Qc5 Rc8 27. bxc6 Qxc6
28. Qxc6 Rxc6 29. Kd2 Rxc4 30. Kd3 Ra4 31. Ra1 Re8 32. Rhd1 Re3+ 33. Kd2 Raxa3
34. Rxa3 Rxa3 35. Kc2 Ra2+ 36. Kd3 a4 37. g4 g5 38. f5 Ra3+ 39. Kc4 Rh3 40.
Nxd4 Rxh2 41. Rg1 a3 42. Nb3 a2 43. Kb4 Rb2 44. Ka3 Rb1 45. Rg2 Rxb3+ 46. Kxa2
Rb2+ 0-1

[Event "9. Torneo Villa de Mondragón"]
[Site "Mondragón ESP"]
[Date "2009.10.30"]
[Round "4.8"]
[White "Montolio Benedicto, Cesar"]
[Black "Beitia Amador-Carrandi, Ernesto"]
[Result "1/2-1/2"]
[WhiteElo "1991"]
[BlackElo "1988"]
[PlyCount "42"]
[EventDate "2009.10.09"]
[EventType "swiss"]
[EventRounds "6"]
[EventCountry "ESP"]
[Source "lmi"]
[SourceDate "2009.10.09"]

1. e4 e5 2. Nf3 Nc6 3. Bb5 Nf6 4. O-O Nxe4 5. d4 Nd6 6. Bxc6 dxc6 7. dxe5 Nf5
8. Qxd8+ Kxd8 9. Bg5+ Ke8 10. Nc3 h6 11. Bd2 Be6 12. Rad1 Rd8 13. Bc1 Bb4 14.
Rxd8+ Kxd8 15. Bd2 a6 16. Ne4 Bxd2 17. Rd1 b6 18. Rxd2+ Kc8 19. b3 c5 20. Ng3
Nxg3 21. hxg3 Rd8 1/2-1/2

[Event "9. Torneo Villa de Mondragón"]
[Site "Mondragón ESP"]
[Date "2009.10.30"]
[Round "4.9"]
[White "Fernandez Zubitur, Jokin"]
[Black "Alvarez Dominguez, Francisco  Javier"]
[Result "1-0"]
[WhiteElo "1869"]
[BlackElo "1963"]
[PlyCount "99"]
[EventDate "2009.10.09"]
[EventType "swiss"]
[EventRounds "6"]
[EventCountry "ESP"]
[Source "lmi"]
[SourceDate "2009.10.09"]

1. e4 c5 2. Nc3 Nc6 3. g3 g6 4. Bg2 Bg7 5. d3 d6 6. f4 e6 7. Nf3 Nge7 8. Be3
Nd4 9. O-O O-O 10. Rb1 Nec6 11. Ne2 Qc7 12. c3 Nxf3+ 13. Bxf3 b6 14. d4 Bd7 15.
Qd2 Rac8 16. Rfd1 Rfd8 17. Rbc1 Ne7 18. dxc5 dxc5 19. Qd6 Qxd6 20. Rxd6 Ba4 21.
Rxd8+ Rxd8 22. Kf2 h5 23. h3 Bc6 24. g4 hxg4 25. hxg4 f5 26. gxf5 gxf5 27. e5
Bxf3 28. Kxf3 Rd3 29. c4 Ng6 30. Ng3 Nxe5+ 31. Ke2 Rxe3+ 32. Kxe3 Ng4+ 33. Kf3
Bxb2 34. Rd1 Bd4 35. Ne2 e5 36. fxe5 Nxe5+ 37. Kf4 Nxc4 38. Nxd4 cxd4 39. Rxd4
b5 40. Kxf5 a6 41. Ke6 Kg7 42. Rh4 Kg6 43. Rg4+ Kh5 44. Rg8 a5 45. Kd5 Na3 46.
Kc5 Kh4 47. Ra8 a4 48. Kb4 Nb1 49. Rd8 Kg4 50. Rd1 1-0

[Event "9. Torneo Villa de Mondragón"]
[Site "Mondragón ESP"]
[Date "2009.10.30"]
[Round "4.10"]
[White "Alcaide Rodriguez, Mikel"]
[Black "Salinero De Prado, Juan Manuel"]
[Result "0-1"]
[WhiteElo "1786"]
[BlackElo "2174"]
[PlyCount "58"]
[EventDate "2009.10.09"]
[EventType "swiss"]
[EventRounds "6"]
[EventCountry "ESP"]
[Source "lmi"]
[SourceDate "2009.10.09"]

1. d4 Nf6 2. Bg5 e6 3. e4 h6 4. Bxf6 Qxf6 5. Nf3 d6 6. c3 g5 7. Bd3 e5 8. dxe5
dxe5 9. Qb3 g4 10. Nfd2 Nd7 11. Qc2 h5 12. b4 a5 13. a3 axb4 14. cxb4 Bxb4 15.
Qxc7 O-O 16. O-O Qc6 17. Qxc6 bxc6 18. Rc1 Nb8 19. Nb3 Be7 20. Rc3 Rd8 21. N3d2
Na6 22. Nc4 Bc5 23. Rb3 Bd4 24. Ra2 Nc5 25. Nb6 Nxb3 26. Nxa8 Nc1 27. Rd2 Nxd3
28. Rxd3 Ba6 29. Rxd4 Rxd4 0-1

[Event "9. Torneo Villa de Mondragón"]
[Site "Mondragón ESP"]
[Date "2009.10.30"]
[Round "4.11"]
[White "Irure Crespo, Egoitz"]
[Black "De Andres Andres, Eugenio"]
[Result "1-0"]
[WhiteElo "1967"]
[BlackElo "1820"]
[PlyCount "77"]
[EventDate "2009.10.09"]
[EventType "swiss"]
[EventRounds "6"]
[EventCountry "ESP"]
[Source "lmi"]
[SourceDate "2009.10.09"]

1. e4 c5 2. Nf3 Nc6 3. d4 cxd4 4. Nxd4 Nf6 5. Nc3 e5 6. Ndb5 d6 7. Bg5 a6 8.
Na3 b5 9. Nd5 Be7 10. Bxf6 Bxf6 11. c4 b4 12. Nc2 a5 13. Be2 Bg5 14. O-O O-O
15. Qd3 f5 16. Nde3 Ne7 17. Rad1 f4 18. Ng4 Bb7 19. c5 Ng6 20. Qb3+ Kh8 21. f3
Be7 22. Qe6 Bc8 23. Qb3 Bb7 24. Nf2 Qc7 25. cxd6 Bxd6 26. Rc1 Qe7 27. Rfd1 Bc5
28. Qa4 Rfd8 29. Rxd8+ Qxd8 30. Qb5 Qc7 31. Kf1 Be3 32. Rd1 Ba6 33. Qa4 Bxe2+
34. Kxe2 Bb6 35. Rd7 Qc4+ 36. Nd3 Rc8 37. Nce1 h5 38. Rd6 Rd8 39. Rxb6 1-0

[Event "9. Torneo Villa de Mondragón"]
[Site "Mondragón ESP"]
[Date "2009.10.30"]
[Round "4.12"]
[White "Miguelez Garcia, Erlantz"]
[Black "Axpe Goikoetxea, Javier"]
[Result "1-0"]
[WhiteElo "1948"]
[BlackElo "1815"]
[PlyCount "47"]
[EventDate "2009.10.09"]
[EventType "swiss"]
[EventRounds "6"]
[EventCountry "ESP"]
[Source "lmi"]
[SourceDate "2009.10.09"]

1. c4 e5 2. Nc3 Nf6 3. Nf3 Nc6 4. g3 d5 5. cxd5 Nxd5 6. Bg2 Be6 7. O-O Be7 8.
d3 h6 9. Bd2 Qd7 10. Rc1 O-O 11. Ne4 b6 12. Re1 Bd6 13. Qa4 Nce7 14. Qxd7 Bxd7
15. Nxd6 cxd6 16. e4 Nf6 17. Bb4 Ne8 18. Nxe5 Be6 19. b3 a5 20. Ba3 b5 21. Nc6
Nxc6 22. Rxc6 b4 23. Bb2 Ra7 24. Bd4 1-0

[Event "9. Torneo Villa de Mondragón"]
[Site "Mondragón ESP"]
[Date "2009.10.30"]
[Round "4.13"]
[White "Sanabria Alvaro, Oscar"]
[Black "Larios Villa, Francisco Javier"]
[Result "1/2-1/2"]
[WhiteElo "1813"]
[BlackElo "1948"]
[PlyCount "34"]
[EventDate "2009.10.09"]
[EventType "swiss"]
[EventRounds "6"]
[EventCountry "ESP"]
[Source "lmi"]
[SourceDate "2009.10.09"]

1. d4 Nf6 2. c4 e6 3. Nc3 c5 4. Nf3 cxd4 5. Nxd4 Nc6 6. a3 d5 7. cxd5 Nxd5 8.
Nxc6 bxc6 9. e4 Nxc3 10. Qxd8+ Kxd8 11. bxc3 Bc5 12. Rb1 Ke7 13. Bc4 f6 14. Ke2
Bd7 15. a4 Rab8 16. Be3 Bxe3 17. Kxe3 a5 1/2-1/2

[Event "9. Torneo Villa de Mondragón"]
[Site "Mondragón ESP"]
[Date "2009.10.30"]
[Round "4.15"]
[White "Villar Moron, Roberto"]
[Black "Fernandez Del Pozo, Anibal"]
[Result "1-0"]
[WhiteElo "1909"]
[BlackElo "1759"]
[PlyCount "47"]
[EventDate "2009.10.09"]
[EventType "swiss"]
[EventRounds "6"]
[EventCountry "ESP"]
[Source "lmi"]
[SourceDate "2009.10.09"]

1. e4 c5 2. Nc3 d6 3. f4 Nc6 4. Bc4 Nf6 5. d3 Na5 6. Bb3 Nxb3 7. axb3 g6 8. Nf3
Bg7 9. O-O e6 10. Qe1 O-O 11. f5 exf5 12. Bg5 Qb6 13. Kh1 fxe4 14. dxe4 Be6 15.
Qh4 Ng4 16. Rad1 f6 17. Bf4 g5 18. Bxg5 fxg5 19. Nxg5 Nf2+ 20. Rxf2 Rxf2 21.
Qxh7+ Kf8 22. Nxe6+ Kf7 23. Nxg7 Rg8 24. Nf5+ 1-0

[Event "9. Torneo Villa de Mondragón"]
[Site "Mondragón ESP"]
[Date "2009.11.07"]
[Round "5.1"]
[White "Hernandez Carmenates, Holden"]
[Black "Miguel Quintero, Francisco"]
[Result "1/2-1/2"]
[WhiteElo "2561"]
[BlackElo "2255"]
[PlyCount "43"]
[EventDate "2009.10.09"]
[EventType "swiss"]
[EventRounds "6"]
[EventCountry "ESP"]
[Source "lmi"]
[SourceDate "2009.10.09"]

1. d4 g6 2. c4 Bg7 3. Nc3 d6 4. Nf3 Nf6 5. e4 O-O 6. Be2 Bg4 7. Be3 Nfd7 8. O-O
e5 9. d5 Bxf3 10. Bxf3 f5 11. Rc1 a5 12. h3 Na6 13. a3 Ndc5 14. Rb1 Qh4 15. b4
axb4 16. axb4 fxe4 17. Bg4 h5 18. g3 Qe7 19. bxc5 hxg4 20. Qxg4 Nxc5 21. Bxc5
dxc5 22. Nxe4 1/2-1/2

[Event "9. Torneo Villa de Mondragón"]
[Site "Mondragón ESP"]
[Date "2009.11.07"]
[Round "5.2"]
[White "Argandoña Riveiro, Iñigo"]
[Black "Franco Alonso, Alejandro"]
[Result "1/2-1/2"]
[WhiteElo "2375"]
[BlackElo "2465"]
[PlyCount "40"]
[EventDate "2009.10.09"]
[EventType "swiss"]
[EventRounds "6"]
[EventCountry "ESP"]
[Source "lmi"]
[SourceDate "2009.10.09"]

1. c4 e5 2. Nc3 Nf6 3. Nf3 Nc6 4. g3 d5 5. cxd5 Nxd5 6. Bg2 Nb6 7. O-O Be7 8.
d3 O-O 9. a4 a5 10. Be3 Bg4 11. Rc1 Qd7 12. Nb5 Nd5 13. Bc5 Rfe8 14. Bxe7 Rxe7
15. Rc5 Ndb4 16. Qb3 Bxf3 17. Bxf3 Nd4 18. Nxd4 Qxd4 19. Rc4 Qb6 20. Rfc1 c6
1/2-1/2

[Event "9. Torneo Villa de Mondragón"]
[Site "Mondragón ESP"]
[Date "2009.11.07"]
[Round "5.3"]
[White "Alcaide Luque, Aitor"]
[Black "Nava Pereda, Carlos"]
[Result "0-1"]
[WhiteElo "2104"]
[BlackElo "2248"]
[PlyCount "28"]
[EventDate "2009.10.09"]
[EventType "swiss"]
[EventRounds "6"]
[EventCountry "ESP"]
[Source "lmi"]
[SourceDate "2009.10.09"]

1. d4 Nf6 2. Bg5 c5 3. d5 Qb6 4. Nc3 Qxb2 5. Bd2 Qb6 6. e4 e5 7. f4 d6 8. f5 g6
9. g4 gxf5 10. gxf5 Qb4 11. Be2 Nxe4 12. Bb5+ Bd7 13. Nge2 Bxb5 14. Rb1 Bxe2
0-1

[Event "9. Torneo Villa de Mondragón"]
[Site "Mondragón ESP"]
[Date "2009.11.07"]
[Round "5.4"]
[White "Miguel Quintero, Antonio"]
[Black "Tornay Gomez, Josu"]
[Result "1-0"]
[WhiteElo "2174"]
[BlackElo "2107"]
[PlyCount "47"]
[EventDate "2009.10.09"]
[EventType "swiss"]
[EventRounds "6"]
[EventCountry "ESP"]
[Source "lmi"]
[SourceDate "2009.10.09"]

1. d4 Nf6 2. Nf3 g6 3. c4 Bg7 4. Nc3 d5 5. cxd5 Nxd5 6. e4 Nxc3 7. bxc3 O-O 8.
Ba3 b6 9. Bc4 c5 10. Bd5 Ba6 11. Bxa8 e6 12. e5 Qc7 13. Rc1 Nd7 14. Be4 Rd8 15.
Qa4 Nb8 16. c4 g5 17. h3 h5 18. Nxg5 Bh6 19. h4 Rxd4 20. Qe8+ Kg7 21. Nxe6+
fxe6 22. Qg6+ Kh8 23. Qxh6+ Kg8 24. Qxe6+ 1-0

[Event "9. Torneo Villa de Mondragón"]
[Site "Mondragón ESP"]
[Date "2009.11.07"]
[Round "5.5"]
[White "Prieto Aranguren, Alain"]
[Black "Ruiz Abad, Juan Manuel"]
[Result "1-0"]
[WhiteElo "2109"]
[BlackElo "1828"]
[PlyCount "93"]
[EventDate "2009.10.09"]
[EventType "swiss"]
[EventRounds "6"]
[EventCountry "ESP"]
[Source "lmi"]
[SourceDate "2009.10.09"]

1. d4 Nf6 2. c4 c5 3. e3 g6 4. Nc3 Bg7 5. Nf3 O-O 6. Be2 d5 7. O-O Nc6 8. h3
Bf5 9. a3 Rc8 10. b3 Ne4 11. Bb2 dxc4 12. Bxc4 Na5 13. Be2 cxd4 14. Nxe4 Bxe4
15. Nxd4 Bxd4 16. exd4 Bc2 17. Qe1 Nxb3 18. Bg4 Rc7 19. Qe5 Nxa1 20. Rxa1 Bb3
21. d5 f6 22. Be6+ Kg7 23. Qg3 Ba4 24. Qh4 Bd7 25. Bc1 h5 26. Bf4 Rc2 27. Re1
Bxe6 28. dxe6 Rh8 29. Qg3 Qa5 30. Rd1 Rc3 31. Be3 Rxa3 32. Rd7 Re8 33. Rxb7
Qe1+ 34. Kh2 Ra1 35. Qd6 Qg1+ 36. Kg3 g5 37. Rxe7+ Rxe7 38. Qxe7+ Kg6 39. Qe8+
Kh6 40. Qf8+ Kg6 41. Qf7+ Kf5 42. Qd7 Rd1 43. Qc8 h4+ 44. Kf3 Rd6 45. e7+ Re6
46. Qc2+ Ke5 47. Qc5# 1-0

[Event "9. Torneo Villa de Mondragón"]
[Site "Mondragón ESP"]
[Date "2009.11.07"]
[Round "5.6"]
[White "Astasio Lopez, David"]
[Black "Montolio Benedicto, Cesar"]
[Result "0-1"]
[WhiteElo "2315"]
[BlackElo "1991"]
[PlyCount "162"]
[EventDate "2009.10.09"]
[EventType "swiss"]
[EventRounds "6"]
[EventCountry "ESP"]
[Source "lmi"]
[SourceDate "2009.10.09"]

1. d4 Nf6 2. Nd2 c5 3. e3 g6 4. c3 b6 5. Qf3 d5 6. e4 Bb7 7. Bb5+ Bc6 8. Bxc6+
Nxc6 9. e5 Nh5 10. Ne2 Qd7 11. O-O Ng7 12. Rd1 cxd4 13. cxd4 Ne6 14. Nf1 Bg7
15. Ne3 Rd8 16. b3 O-O 17. Bb2 f6 18. exf6 exf6 19. Rac1 f5 20. Nxd5 Ncxd4 21.
Nxd4 Nxd4 22. Bxd4 Qxd5 23. Qxd5+ Rxd5 24. Bxg7 Rxd1+ 25. Rxd1 Kxg7 26. Kf1 Rf7
27. Ke2 Kf6 28. Rd6+ Ke5 29. Rd8 Re7 30. Kd3 Rc7 31. Kd2 Ke4 32. Re8+ Kd4 33.
Rh8 Ke5 34. Rd8 Re7 35. Rc8 Kd4 36. Rc4+ Kd5 37. Kd3 Kd6 38. Rh4 Kd5 39. Rd4+
Kc5 40. a4 Kc6 41. Rc4+ Kd5 42. Rd4+ Kc6 43. Rh4 Kd5 44. b4 Rc7 45. Rd4+ Ke5
46. Rd8 Ke6 47. Re8+ Kd7 48. Rg8 Kd6 49. f4 Kd5 50. g3 Kd6 51. Re8 Kd5 52. Rh8
Re7 53. Rd8+ Kc6 54. Rc8+ Kd5 55. Rd8+ Kc6 56. Ra8 Kd5 57. Rc8 Rd7 58. a5 bxa5
59. bxa5 Rb7 60. Ra8 Kc5 61. Re8 Rb3+ 62. Kc2 Ra3 63. Re7 Ra2+ 64. Kd3 Rxh2 65.
Rxa7 Kb5 66. Kc3 Rh3 67. Kd4 h5 68. Ke5 Rxg3 69. Ra8 h4 70. Kf6 h3 71. a6 Kb6
72. Rh8 Kxa6 73. Rxh3 Rxh3 74. Kxg6 Kb6 75. Kxf5 Kc6 76. Ke6 Re3+ 77. Kf6 Kd7
78. f5 Ke8 79. Kg7 Rg3+ 80. Kf6 Kf8 81. Ke6 Ra3 0-1

[Event "9. Torneo Villa de Mondragón"]
[Site "Mondragón ESP"]
[Date "2009.11.07"]
[Round "5.7"]
[White "Hernando Casas, Jose Manuel"]
[Black "Fernandez Zubitur, Jokin"]
[Result "1/2-1/2"]
[WhiteElo "2029"]
[BlackElo "1869"]
[PlyCount "94"]
[EventDate "2009.10.09"]
[EventType "swiss"]
[EventRounds "6"]
[EventCountry "ESP"]
[Source "lmi"]
[SourceDate "2009.10.09"]

1. e4 e5 2. Nf3 Nc6 3. Bc4 Bc5 4. b4 Bxb4 5. c3 Bc5 6. d4 exd4 7. O-O d6 8.
cxd4 Bb6 9. Nc3 Nf6 10. h3 h6 11. Re1 O-O 12. Bb2 Re8 13. d5 Ne5 14. Bf1 Nfd7
15. Nd4 Nf6 16. Na4 Bxd4 17. Qxd4 Bxh3 18. f4 c5 19. Qd2 Nxe4 20. Rxe4 Bf5 21.
Ree1 Ng4 22. Rxe8+ Qxe8 23. Nc3 Qd7 24. Be2 Re8 25. Bxg4 Bxg4 26. a4 a6 27. Qf2
h5 28. Kf1 Bf5 29. Kg1 Bg4 30. f5 f6 31. Kf1 Qe7 32. Re1 Qxe1+ 33. Qxe1 Rxe1+
34. Kxe1 Bxf5 35. a5 Kf7 36. Ke2 g5 37. Bc1 Bc2 38. Kf3 Kg6 39. Ne4 Bxe4+ 40.
Kxe4 f5+ 41. Kf3 Kf6 42. Bb2+ Kg6 43. Ke3 Kf7 44. Kf3 Kg6 45. Bc3 Kf7 46. Bh8
Kg6 47. Bc3 Kf7 1/2-1/2

[Event "9. Torneo Villa de Mondragón"]
[Site "Mondragón ESP"]
[Date "2009.11.07"]
[Round "5.8"]
[White "Salinero De Prado, Juan Manuel"]
[Black "Miguelez Garcia, Erlantz"]
[Result "1/2-1/2"]
[WhiteElo "2174"]
[BlackElo "1948"]
[PlyCount "89"]
[EventDate "2009.10.09"]
[EventType "swiss"]
[EventRounds "6"]
[EventCountry "ESP"]
[Source "lmi"]
[SourceDate "2009.10.09"]

1. e4 d5 2. exd5 Qxd5 3. Nf3 Nf6 4. Be2 Bf5 5. O-O e6 6. d4 c6 7. c4 Qd8 8. Nc3
Be7 9. Qb3 Qb6 10. c5 Qxb3 11. axb3 O-O 12. b4 Ne4 13. Be3 h6 14. Ne5 Rd8 15.
Ra2 Nd7 16. g4 Bh7 17. f4 Nxe5 18. dxe5 Nxc3 19. bxc3 a6 20. Bd4 Be4 21. Kf2 g5
22. Kg3 gxf4+ 23. Rxf4 Bg6 24. h4 Bf8 25. Bc4 Bg7 26. Rf1 Rd7 27. Kf4 Bf8 28.
h5 Bh7 29. g5 Bf5 30. Rg1 Kh8 31. g6 fxg6 32. Rxg6 Bxg6 33. hxg6 Re8 34. Kg4
Bg7 35. Rf2 Rde7 36. Rf6 Kg8 37. Kh5 Kh8 38. Be3 Rf8 39. Bd4 Rfe8 40. Bb3 Rf8
41. Bc4 Rfe8 42. Bd3 Rf8 43. Kg4 Rd8 44. Bc4 Rde8 45. Kh5 1/2-1/2

[Event "9. Torneo Villa de Mondragón"]
[Site "Mondragón ESP"]
[Date "2009.11.07"]
[Round "5.9"]
[White "Ruiz Martinez, Isidro"]
[Black "Segura Del Frago, Imanol"]
[Result "0-1"]
[WhiteElo "1966"]
[BlackElo "2003"]
[PlyCount "94"]
[EventDate "2009.10.09"]
[EventType "swiss"]
[EventRounds "6"]
[EventCountry "ESP"]
[Source "lmi"]
[SourceDate "2009.10.09"]

1. e4 e5 2. Nf3 Nc6 3. Bb5 f5 4. Nc3 fxe4 5. Nxe4 Nf6 6. Qe2 Qe7 7. O-O d5 8.
Nxf6+ gxf6 9. d4 e4 10. Ne5 fxe5 11. Qh5+ Qf7 12. Qxe5+ Be6 13. Bxc6+ bxc6 14.
Qxh8 O-O-O 15. Qe5 Bd6 16. Qg5 Rg8 17. Qe3 Qh5 18. f4 Bg4 19. Bd2 Bf3 20. Rxf3
Qxf3 21. Qxf3 exf3 22. g3 c5 23. c3 Kd7 24. Re1 Rb8 25. b3 c4 26. b4 a5 27. a3
axb4 28. cxb4 Ra8 29. Re3 Be7 30. Kf2 Bf6 31. Bc3 Rxa3 32. Kxf3 Rb3 33. g4 Be7
34. g5 Bxb4 35. Bxb4 Rxb4 36. Kg4 c5 37. dxc5 d4 38. Re1 c3 39. Kf3 d3 40. Ke3
d2 41. Rd1 Rc4 42. f5 Ke7 43. Ra1 Rxc5 44. f6+ Ke6 45. h4 Re5+ 46. Kf2 c2 47.
Ra6+ Kd7 0-1

[Event "9. Torneo Villa de Mondragón"]
[Site "Mondragón ESP"]
[Date "2009.11.07"]
[Round "5.10"]
[White "Beitia Amador-Carrandi, Ernesto"]
[Black "Villar Moron, Roberto"]
[Result "0-1"]
[WhiteElo "1988"]
[BlackElo "1909"]
[PlyCount "140"]
[EventDate "2009.10.09"]
[EventType "swiss"]
[EventRounds "6"]
[EventCountry "ESP"]
[Source "lmi"]
[SourceDate "2009.10.09"]

1. e4 c5 2. Ne2 Nc6 3. Nbc3 e6 4. d4 cxd4 5. Nxd4 a6 6. Be2 Bb4 7. Qd3 Qf6 8.
Be3 Nge7 9. O-O d5 10. Nxc6 bxc6 11. Na4 O-O 12. Nb6 Rb8 13. Nxc8 Rfxc8 14. c3
Bd6 15. Qd2 Qe5 16. g3 Qxe4 17. Bxa6 Rc7 18. Bd3 Qa4 19. Bc2 Qa6 20. b4 Ng6 21.
f4 c5 22. Bd3 Qa3 23. b5 c4 24. Bxg6 hxg6 25. Rfb1 Rcb7 26. b6 Bc5 27. Rb5 Bxb6
28. Bxb6 Rxb6 29. Rxb6 Rxb6 30. Rc1 Rb2 31. Rc2 Rb1+ 32. Kg2 Qc5 33. Qf2 Qxf2+
34. Kxf2 Kf8 35. Ke3 Ke7 36. g4 Kd6 37. a4 Re1+ 38. Kd2 Ra1 39. Rb2 Rxa4 40.
Rb7 Ra2+ 41. Kc1 Rxh2 42. Rxf7 Rf2 43. Rxg7 Rxf4 44. Rxg6 Rf2 45. g5 Rg2 46.
Rg8 Ke5 47. g6 Kf6 48. Rf8+ Kg7 49. Re8 Rxg6 50. Kd2 Kf6 51. Rf8+ Ke5 52. Rf3
Rg2+ 53. Kd1 Ke4 54. Rh3 Kf4 55. Rh4+ Rg4 56. Rh2 e5 57. Rf2+ Ke4 58. Re2+ Kf5
59. Rf2+ Rf4 60. Re2 d4 61. cxd4 exd4 62. Kd2 Rf1 63. Re8 Rf2+ 64. Kd1 Rh2 65.
Rc8 c3 66. Rd8 Ke4 67. Rg8 d3 68. Rg4+ Kf3 69. Rg1 Ra2 70. Rf1+ Kg2 0-1

[Event "9. Torneo Villa de Mondragón"]
[Site "Mondragón ESP"]
[Date "2009.11.07"]
[Round "5.11"]
[White "Etxagibel Larranaga, Asier"]
[Black "Irure Crespo, Egoitz"]
[Result "0-1"]
[WhiteElo "1945"]
[BlackElo "1967"]
[PlyCount "82"]
[EventDate "2009.10.09"]
[EventType "swiss"]
[EventRounds "6"]
[EventCountry "ESP"]
[Source "lmi"]
[SourceDate "2009.10.09"]

1. Nf3 d5 2. d4 Nf6 3. c4 c6 4. Nc3 dxc4 5. a4 Bf5 6. e3 e6 7. Bxc4 Bb4 8. O-O
O-O 9. Na2 Bd6 10. b4 Nbd7 11. Bb2 Nb6 12. Be2 Nbd5 13. Qb3 Qe7 14. b5 Rfc8 15.
Rfc1 Rc7 16. Nd2 Ne4 17. Nxe4 Bxe4 18. Nc3 f5 19. Nxe4 fxe4 20. g3 Rf8 21. Bf1
h5 22. Ba3 Bxa3 23. Qxa3 Qf6 24. Ra2 h4 25. bxc6 hxg3 26. hxg3 bxc6 27. Bg2 Qg6
28. Qd6 Qh6 29. Re1 Rcf7 30. Bxe4 Nc3 31. Bb1 Nxa2 32. Bxa2 Rxf2 33. Qxe6+ Kh8
34. Qxh6+ gxh6 35. Be6 Rd2 36. Rc1 Rf3 37. Rxc6 Rxg3+ 38. Kf1 Rxe3 39. d5 Ra3
40. Rc1 Rxa4 41. Ke1 Rh2 0-1

[Event "9. Torneo Villa de Mondragón"]
[Site "Mondragón ESP"]
[Date "2009.11.07"]
[Round "5.12"]
[White "Larios Villa, Francisco Javier"]
[Black "Cotta Esnaola, Andoni"]
[Result "1/2-1/2"]
[WhiteElo "1948"]
[BlackElo "1724"]
[PlyCount "103"]
[EventDate "2009.10.09"]
[EventType "swiss"]
[EventRounds "6"]
[EventCountry "ESP"]
[Source "lmi"]
[SourceDate "2009.10.09"]

1. b4 e5 2. Bb2 d6 3. e3 Nf6 4. c4 b6 5. d4 Nbd7 6. dxe5 dxe5 7. a3 Bb7 8. Nf3
a5 9. bxa5 Rxa5 10. Bc3 Bxf3 11. Qxf3 Ra7 12. Qc6 Qa8 13. Qxa8+ Rxa8 14. Be2
Bd6 15. O-O O-O 16. Bb2 Nc5 17. Nc3 Na4 18. Nxa4 Rxa4 19. Ra2 Nd7 20. Rc1 Rfa8
21. h3 Nc5 22. Bd1 R4a6 23. Bc2 Na4 24. Ba1 f6 25. Be4 Rd8 26. Bc3 Rb8 27. Bc6
Nc5 28. Rcc2 Nd3 29. Bb5 Rxa3 30. Rxa3 Bxa3 31. Rd2 Nc1 32. Kf1 Nb3 33. Rd1 Bd6
34. Bc6 Kf8 35. Ke2 Nc5 36. f3 g5 37. Ra1 h5 38. g4 h4 39. Bb4 Nb7 40. Bxb7
Rxb7 41. Bxd6+ cxd6 42. Kd3 Ke7 43. Ke4 Ke6 44. f4 exf4 45. exf4 Rc7 46. f5+
Kd7 47. Kd4 Kc6 48. Ra8 Rf7 49. Rc8+ Kb7 50. Rd8 Kc7 51. Ra8 Kc6 52. Rc8+
1/2-1/2

[Event "9. Torneo Villa de Mondragón"]
[Site "Mondragón ESP"]
[Date "2009.11.07"]
[Round "5.13"]
[White "De Andres Andres, Eugenio"]
[Black "Sanabria Alvaro, Oscar"]
[Result "0-1"]
[WhiteElo "1820"]
[BlackElo "1813"]
[PlyCount "63"]
[EventDate "2009.10.09"]
[EventType "swiss"]
[EventRounds "6"]
[EventCountry "ESP"]
[Source "lmi"]
[SourceDate "2009.10.09"]

1. d4 Nf6 2. Bf4 g6 3. Nc3 Bg7 4. Qd2 d6 5. Bh6 O-O 6. Bxg7 Kxg7 7. e4 c5 8. d5
a6 9. a4 Qa5 10. Ra3 Qb6 11. Qc1 e5 12. Be2 Ng8 13. g4 h6 14. h4 Qd8 15. Nd1 f6
16. f4 exf4 17. Qxf4 Qe7 18. Nf3 Nd7 19. Ne3 Ne5 20. Qg3 Bd7 21. h5 g5 22. Rf1
Nxf3+ 23. Qxf3 Rae8 24. Bd3 Qe5 25. Nc4 Qe7 26. a5 f5 27. gxf5 Rxf5 28. Qg3
Rxf1+ 29. Kxf1 Rf8+ 30. Kg2 Rf4 31. Be2 Qxe4+ 32. Bf3 0-1

[Event "9. Torneo Villa de Mondragón"]
[Site "Mondragón ESP"]
[Date "2009.11.07"]
[Round "5.14"]
[White "Alvarez Dominguez, Francisco  Javier"]
[Black "Alcaide Rodriguez, Mikel"]
[Result "1-0"]
[WhiteElo "1963"]
[BlackElo "1786"]
[PlyCount "123"]
[EventDate "2009.10.09"]
[EventType "swiss"]
[EventRounds "6"]
[EventCountry "ESP"]
[Source "lmi"]
[SourceDate "2009.10.09"]

1. e4 c5 2. c3 d5 3. exd5 Qxd5 4. d4 Nc6 5. Nf3 Bg4 6. Be2 cxd4 7. cxd4 e6 8.
a3 Nf6 9. Nc3 Qd7 10. Be3 Be7 11. O-O Nd5 12. Qb3 Nxc3 13. bxc3 O-O 14. h3 Bh5
15. Ne5 Nxe5 16. Bxh5 Ng6 17. Rab1 b6 18. Rfd1 Qd5 19. Qxd5 exd5 20. a4 Rac8
21. Rdc1 Ba3 22. Rc2 Rc4 23. Bf3 Ne7 24. Rb3 Bd6 25. Ra2 Rfc8 26. Bd2 Rb8 27.
Be2 Rc7 28. a5 f6 29. Rab2 Rc6 30. Rb5 Kf7 31. Bf3 Ke6 32. Kf1 Bc7 33. Ke2 a6
34. R5b4 b5 35. Ra2 g5 36. g4 Rc4 37. Kd3 Rd8 38. Be2 Nc6 39. Rb1 Na7 40. Kc2
Rc6 41. Kb3 Kd6 42. Bd3 h6 43. Re1 Rd7 44. Bc1 Bd8 45. Ba3+ Kc7 46. Bf5 Rdd6
47. Bxd6+ Rxd6 48. Re8 Nc8 49. Bxc8 Kxc8 50. Rae2 Kd7 51. Kb4 f5 52. f3 fxg4
53. hxg4 Rf6 54. R2e3 h5 55. gxh5 Rh6 56. Rg8 Rxh5 57. Rg6 Be7+ 58. Kb3 Bd6 59.
Ree6 Bc7 60. Rxa6 Rh1 61. Rg7+ Kc8 62. Rc6 1-0

[Event "9. Torneo Villa de Mondragón"]
[Site "Mondragón ESP"]
[Date "2009.11.07"]
[Round "5.15"]
[White "Fernandez Del Pozo, Anibal"]
[Black "Axpe Goikoetxea, Javier"]
[Result "1-0"]
[WhiteElo "1759"]
[BlackElo "1815"]
[PlyCount "43"]
[EventDate "2009.10.09"]
[EventType "swiss"]
[EventRounds "6"]
[EventCountry "ESP"]
[Source "lmi"]
[SourceDate "2009.10.09"]

1. c4 c6 2. e4 g6 3. Nc3 e6 4. d4 d5 5. cxd5 cxd5 6. e5 Bg7 7. Nf3 Nc6 8. Bb5
Nge7 9. Bg5 Bd7 10. O-O O-O 11. Qd2 a6 12. Ba4 b5 13. Bb3 Qb6 14. Ne2 Rac8 15.
Bf6 Nf5 16. g4 Nfe7 17. Ng3 Rfe8 18. h4 Qa5 19. Qe3 Nb4 20. Rfc1 Rxc1+ 21. Qxc1
Rc8 22. Bxe7 1-0

[Event "9. Torneo Villa de Mondragón"]
[Site "Mondragón ESP"]
[Date "2009.11.13"]
[Round "6.1"]
[White "Nava Pereda, Carlos"]
[Black "Hernandez Carmenates, Holden"]
[Result "0-1"]
[PlyCount "62"]
[EventDate "2009.10.09"]
[EventType "swiss"]
[EventRounds "6"]
[EventCountry "ESP"]
[Source "lmi"]
[SourceDate "2009.10.09"]
[WhiteElo "2248"]
[BlackElo "2561"]

1. Nf3 Nf6 2. c4 e6 3. g3 b6 4. Bg2 Bb7 5. O-O Be7 6. d4 O-O 7. d5 exd5 8. Nh4
c6 9. cxd5 Nxd5 10. Nf5 Nc7 11. Nc3 d5 12. e4 Nba6 13. exd5 cxd5 14. Bf4 Bf6
15. Nd6 Bc6 16. Nxd5 Bxd5 17. Bxd5 Nxd5 18. Qxd5 Nc7 19. Qd2 Ne6 20. Be3 Bxb2
21. Rad1 Ba3 22. Bf4 Bxd6 23. Bxd6 Re8 24. Qb2 Qd7 25. h4 Red8 26. f4 Qc6 27.
Qe5 Nc5 28. f5 Ne4 29. Ba3 Rxd1 30. Rxd1 Re8 31. Qf4 Nc3 0-1